The Disney way : (Record no. 102626)

MARC details
000 -LEADER
fixed length control field 00716nam a22002177a 4500
005 - DATE AND TIME OF LATEST TRANSACTION
control field 20160822105646.0
010 ## - LCCN (DPL NO)
LC control number ENG-115794
020 ## - INTERNATIONAL STANDARD BOOK NUMBER
International Standard Book Number 9789352602629
Terms of availability 595.00
020 ## - INTERNATIONAL STANDARD BOOK NUMBER
International Standard Book Number 9352602625
Terms of availability 595.00
035 ## - SYSTEM CONTROL NUMBER
System control number EN-99326
037 ## - SOURCE OF ACQUISITION
Source of stock number/acquisition DBAD/PUB
082 ## - DEWEY DECIMAL CLASSIFICATION NUMBER
Classification number 384.80979494
100 ## - MAIN ENTRY--PERSONAL NAME
Personal name Capodagli,Bill
245 ## - TITLE STATEMENT
Title The Disney way :
Statement of responsibility, etc by Bill Capodagli [and] Lynn Jacson
Remainder of title harnessing the management secrets of Disney in your company /
260 ## - PUBLICATION, DISTRIBUTION, ETC. (IMPRINT)
Place of publication, distribution, etc New Delhi
Name of publisher, distributor, etc McGraw Hill Education
Date of publication, distribution, etc 2016
270 ## - ADDRESS
Address P-24,Green Park Extantion
City New Delhi
Postal code 110016
300 ## - PHYSICAL DESCRIPTION
Extent xiii,288p. :
Other physical details 23cm(pbk)
Dimensions ill.
500 ## - GENERAL NOTE
General note Includes index
700 ## - ADDED ENTRY--PERSONAL NAME
Personal name Jacson,Lynn
942 ## - ADDED ENTRY ELEMENTS (KOHA)
Source of classification or shelving scheme Dewey Decimal Classification
Item type English Books
Call number suffix CAP
Classification part 384.80979494
Holdings
Withdrawn status Lost status Not for loan Collection code Home library Current library Date acquired Source of acquisition Cost, normal purchase price Full call number Barcode Copy number Cost, replacement price Koha item type
    Not For Loan Non-fiction D.B.Act.Division Bawana 19/08/2016 DBAD/PUB 595.00 384.80979494 CAP EN-99326 1 595.00 English Books

© Delhi Public Library
Hit Counter
free hit counter